| 000 -LEADER |
| fixed length control field |
00672nam a22001337a 4500 |
| 040 ## - CATALOGING SOURCE |
| Transcribing agency |
RUA |
| 082 ## - DEWEY DECIMAL CLASSIFICATION NUMBER |
| Classification number |
AGR KEO 2020 B1-586 Or. |
| 100 ## - MAIN ENTRY--AUTHOR NAME |
| Personal name |
KEO MENGSREANG កែវ ម៉េងស្រ៊ាង |
| 245 ## - TITLE STATEMENT |
| Title |
USING DIFFERENT PLANT GROW REGULATION (GA3) ON OKRA YIELDS ការប្រើប្រាស់ថ្នាំជម្រុញការលូតលាស់ (GA3) ផ្សេងៗគ្នាទៅលើទិន្នផលដំណាំពោតបារាំង |
| 260 ## - PUBLICATION, DISTRIBUTION, ETC. (IMPRINT) |
| Place of publication |
PHNOM PENH |
| Name of publisher |
RUA |
| Year of publication |
2020 |
| 300 ## - PHYSICAL DESCRIPTION |
| Number of Pages |
IX. 32P |
| Other physical details |
VI. |
| Dimensions |
29CM |
| 856 ## - ELECTRONIC LOCATION AND ACCESS |
| Uniform Resource Identifier |
https://drive.google.com/file/d/1qzwt-fkwFKOckHHqkAwtxLVAAcTkPhPe/view?usp=sharing |
| 942 ## - ADDED ENTRY ELEMENTS (KOHA) |
| Koha item type |
AGR |
| 952 ## - LOCATION AND ITEM INFORMATION (KOHA) |
| Withdrawn status [LOCAL, KOHA] |
0 |
| 952 ## - LOCATION AND ITEM INFORMATION (KOHA) |
| Withdrawn status [LOCAL, KOHA] |
0 |
| 952 ## - LOCATION AND ITEM INFORMATION (KOHA) |
| Withdrawn status [LOCAL, KOHA] |
0 |
| 952 ## - LOCATION AND ITEM INFORMATION (KOHA) |
| Withdrawn status [LOCAL, KOHA] |
0 |